Statistiques concernant Complétez les expressions françaises

Cliquez ici pour prendre le quiz!

Statistiques générales

  • Ce quiz a été pris 2 092 fois
  • Le résultat moyen est 11 sur 15

Statistiques - réponses

DébutFin% Correct
Être haut comme troispommes
95%
Être au septièmeciel
93%
Quand le chat n'est pas là, les sourisdansent
91%
Il ne faut pas vendre la peau de l'ours avant de l'avoirtué
87%
Jeter de l'argent par lesfenêtres
85%
Jamais deux sanstrois
84%
Mettre les pieds dans leplat
81%
J'en mettrais ma main aufeu
78%
Passer du coq à l'âne
76%
Revenons à nosmoutons
74%
Après la pluie, le beautemps
72%
Qui vole un oeuf, vole unboeuf
63%
Comme un éléphant dans un magasin deporcelaine
58%
En avoir gros sur lecoeur
56%
Comme un chien dans un jeu dequilles
36%

Distribution des résultats

Percentile par nombre de réponses

% des personnes avec chaque résultat

Votre développement - résultats

Vous n’avez pas pris ce quiz